Химия нефти и искусственного жидкого топлива: пер. с фр.

Библиографические подробности
Главный автор: Гретц А. Анри
Другие авторы: Петров А. Д. (редактор)
Язык:русский
Опубликовано: Москва, ОНТИ НКТП, 1936
Предметы:
Формат: MixedMaterials Книга
Запись в KOHA:https://koha.lib.tpu.ru/cgi-bin/koha/opac-detail.pl?biblionumber=151549

MARC

LEADER 00000nam0a2200000 4500
001 151549
005 20231101221552.0
035 |a (RuTPU)RU\TPU\book\164316 
090 |a 151549 
100 |a 20090124d1936 m y0rusy50 ca 
101 1 |a rus  |c fre 
102 |a RU 
105 |a a z 001zy 
200 1 |a Химия нефти и искусственного жидкого топлива  |e пер. с фр.  |f А. Гретц  |g под ред. А. Д. Петрова 
210 |a Москва  |c ОНТИ НКТП  |a Ленинград  |c Главная редакция горно-топливной литературы  |d 1936 
215 |a 530 с.  |c ил. 
320 |a Библиогр. в тексте 
606 1 |a Нефть  |x Химия  |2 stltpush  |3 (RuTPU)RU\TPU\subj\33709 
606 1 |a Топливо жидкое  |x Синтетическое  |x Получение  |2 stltpush  |3 (RuTPU)RU\TPU\subj\33331  |9 55605 
610 1 |a нефть 
610 1 |a состав 
610 1 |a химические свойства 
610 1 |a переработка 
610 1 |a очистка 
610 1 |a крэкинг 
610 1 |a синтетическое топливо 
610 1 |a горючие 
610 1 |a искусственное жидкое топливо 
675 |a 665.6  |v 3 
675 |a 662.75  |v 3 
700 1 |a Гретц  |b А.  |g Анри 
702 1 |a Петров  |b А. Д.  |4 340 
801 1 |a RU  |b 63413507  |c 20090124  |g PSBO 
801 2 |a RU  |b 63413507  |c 20130408  |g RCR 
942 |c BK